| 000 | 00745nam a2200265 i 4500 | ||
|---|---|---|---|
| 001 | 000031862 | ||
| 003 | DO-SdBNP | ||
| 005 | 20251104103715.0 | ||
| 007 | ta | ||
| 008 | 251104s2015 dr a 000 0 spa d | ||
| 022 | _a9789945949858 | ||
| 040 |
_aDO-SdBNP _bspa _cBNPHU _erda |
||
| 041 | _aspa | ||
| 082 |
_axxx _bM433m _222 |
||
| 100 |
_aMatos Manuel E. _eautor _988779 |
||
| 245 | 1 | 0 |
_aMentalidad de cambio : _brompiendo patrones / _cManuel E. Matos |
| 264 |
_aSanto Domingo : _bFR Multiservicios, _c2015 |
||
| 300 |
_a128 páginas ; _c22 cm. |
||
| 336 |
_ardacontent _btexto _2txt |
||
| 337 |
_ardamedia _bsin mediación _2n |
||
| 338 |
_ardacarrier _bvolumen _2nc |
||
| 590 | _aInventariado, 2025/DG | ||
| 910 | _aDG | ||
| 942 |
_2ddc _cLBS1 |
||
| 999 |
_c31354 _d31354 |
||